|
|
|
|
| LEADER |
02120nam a2200385 a 4500 |
| 001 |
14868510 |
| 008 |
101219s2008 maua b 001 0 eng d |
| 010 |
|
|
|a 2007022409
|
| 020 |
|
|
|a 9780071288002
|
| 020 |
|
|
|a 9780073405155 (alk. paper)
|
| 020 |
|
|
|a 0073405159 (alk. paper)
|
| 020 |
|
|
|a 0077219899 (text + online access)
|
| 020 |
|
|
|a 9780077219895 (text + online access)
|
| 040 |
|
|
|a DLC
|c DLC
|d YDX
|d BAKER
|d BTCTA
|d YDXCP
|d DLC
|d BD-DhAAL
|
| 082 |
0 |
0 |
|a 332.6
|2 22
|
| 100 |
1 |
|
|a Hirt, Geoffrey A.
|
| 245 |
1 |
0 |
|a Fundamentals of investment management /
|c Geoffrey A. Hirt, Stanley B. Block.
|
| 250 |
|
|
|a 9th ed.
|
| 260 |
|
|
|a Boston :
|b McGraw-Hill/Irwin,
|c c2008.
|
| 300 |
|
|
|a xxviii, 640 p. :
|b ill. (some col.) ;
|c 29 cm.
|
| 490 |
0 |
|
|a The McGraw-Hill/Irwin series in finance, insurance and real estate
|
| 504 |
|
|
|a Includes bibliographical references and index.
|
| 541 |
1 |
|
|e 00021629
|
| 650 |
|
0 |
|a Investments.
|
| 650 |
|
0 |
|a Investments
|z United States.
|
| 650 |
|
0 |
|a Investment analysis.
|
| 700 |
1 |
|
|a Block, Stanley B.
|
| 852 |
4 |
|
|a Ayesha Abed library
|c General Shelf.
|
| 942 |
0 |
0 |
|0 1
|
| 999 |
|
|
|c 10268
|d 10268
|
| 952 |
|
|
|0 0
|1 4
|2 ddc
|4 0
|6 332_600000000000000_HIR
|7 0
|9 13717
|a BRACUL
|b BRACUL
|c GEN
|d 2011-01-02
|e Karim International
|l 0
|o 332.6 HIR
|p 3010021629
|r 2012-05-02
|t 1
|w 2011-01-02
|y BK
|x Koha Inventory 2020
|
| 952 |
|
|
|0 0
|1 0
|2 ddc
|4 0
|6 332_600000000000000_HIR
|7 0
|9 13718
|a BRACUL
|b BRACUL
|c GEN
|d 2011-01-02
|e Karim International
|l 30
|m 178
|o 332.6 HIR
|p 3010021628
|r 2024-06-24
|s 2024-06-02
|t 2
|w 2011-01-02
|y BK
|
| 952 |
|
|
|0 0
|1 0
|2 ddc
|4 0
|6 332_600000000000000_HIR
|7 0
|9 14486
|a BRACUL
|b BRACUL
|c GEN
|d 2011-02-28
|e Karim Internatinal
|g 2400.00
|l 18
|m 162
|o 332.6 HIR
|p 3010021985
|r 2024-06-04
|s 2024-01-21
|t 3
|w 2011-02-28
|y BK
|
| 952 |
|
|
|0 0
|1 0
|2 ddc
|4 0
|6 332_600000000000000_HIR
|7 0
|9 14487
|a BRACUL
|b BRACUL
|c GEN
|d 2011-02-28
|e Karim Internatinal
|g 2400.00
|l 30
|m 192
|o 332.6 HIR
|p 3010021986
|r 2023-01-03
|s 2022-11-21
|t 4
|w 2011-02-28
|y BK
|
| 952 |
|
|
|0 0
|1 0
|2 ddc
|4 0
|6 332_600000000000000_HIR
|7 0
|9 14488
|a BRACUL
|b BRACUL
|c GEN
|d 2011-02-28
|e Karim Internatinal
|g 2400.00
|l 25
|m 201
|o 332.6 HIR
|p 3010021987
|q 2026-02-08
|r 2025-08-17
|s 2025-08-17
|t 5
|w 2011-02-28
|y BK
|